| 000 | 00654nam a2200229Ia 4500 | ||
|---|---|---|---|
| 003 | OSt | ||
| 005 | 20230417095330.0 | ||
| 008 | 210423s2010 xx 000 0 und d | ||
| 020 | _a9788126914883 | ||
| 040 | _cAL | ||
| 041 | _aeng | ||
| 082 | _a330.02 GUPK | ||
| 100 |
_aGUPTA (K R) _989058 |
||
| 245 | _aEconomics: for UGC-NET/SLET and other competitive examinations | ||
| 260 |
_aNew Delhi _bAtlantic Publishers and Distributors _c2010 |
||
| 300 |
_a615 _bPB |
||
| 365 |
_b450 _cINR |
||
| 650 |
_aEconomics _989059 |
||
| 650 |
_aEconomics _989059 |
||
| 906 | _acompetitive ; Economics: ; examinations ; other ; UGC-NET/SLET | ||
| 942 |
_2ddc _cBK |
||
| 999 |
_c159882 _d159882 |
||